BIBLIOTECA

SENCICO

Completeness (Plenitud) : Calidad para el siglo XXI (Registro nro. 1559)

Detalles MARC
000 -LEADER
fixed length control field 00629nam a2200253Ia 4500
005 - DATE AND TIME OF LATEST TRANSACTION
control field 20251020182515.0
008 - FIXED-LENGTH DATA ELEMENTS--GENERAL INFORMATION
fixed length control field 200515s9999 xx 000 0 und d
020 ## - INTERNATIONAL STANDARD BOOK NUMBER
International Standard Book Number 958-600-296-9
082 ## - DEWEY DECIMAL CLASSIFICATION NUMBER
Classification number 658.56/M12/1
100 ## - MAIN ENTRY--PERSONAL NAME
Personal name Crosby, Philip B.
245 #0 - TITLE STATEMENT
Title Completeness (Plenitud) : Calidad para el siglo XXI
260 ## - PUBLICATION, DISTRIBUTION, ETC.
Place of publication, distribution, etc. Santafé de Bogotá, D.C.
260 ## - PUBLICATION, DISTRIBUTION, ETC.
Name of publisher, distributor, etc. McGraw-Hill
260 ## - PUBLICATION, DISTRIBUTION, ETC.
Date of publication, distribution, etc. 1994
300 ## - PHYSICAL DESCRIPTION
Other physical details il., tbls.
490 ## - SERIES STATEMENT
Series statement Serie McGraw-Hill de calidad total
500 ## - GENERAL NOTE
General note 1 ejemplar
520 ## - SUMMARY, ETC.
Summary, etc. t.1
650 ## - SUBJECT ADDED ENTRY--TOPICAL TERM
Topical term or geographic name entry element CALIDAD TOTAL
650 ## - SUBJECT ADDED ENTRY--TOPICAL TERM
Topical term or geographic name entry element CLIENTES
942 ## - ADDED ENTRY ELEMENTS (KOHA)
Koha item type Libros
Existencias
Fecha de la última vez que lo usaron Pago total Signatura topográfica completa Código de barras Precio efectivo desde Tipo de documento Estado perdido Estado dañado No es para préstamo Retirado Ubicación permanente Ubicación actual Fecha de adquisición
15/05/2020   658.56/M12/1 Bib-Lima15051559 15/05/2020 Libros         Biblioteca Central Lima Biblioteca Central Lima 15/05/2020